000 00782nam a2200253Ia 4500
003 OSt
005 20220923220732.0
006 a|||||r|||| 00| 0
007 ta
008 220922b |||||||| |||| 00| 0 hin d
024 _a189,767
037 _cTextual
040 _aARTS
_cARTS
_bhin
041 _2hin
_ahin
082 _aO152,2N361,VI, L7
100 _aभ्रमर, राम कुमार
245 0 _aविकल्प
246 _aVikalpa
260 _aदिल्ली
_b सरस्वती प्रकाशन
_c1977
300 _a130पृ.
_ccm.
650 _aहिन्दी साहित्य
_9156264
942 _hO152,2N361,VI, L7
_cTEXL
_2CC
999 _c342594
_d342594